One family's journey through time Jerry Tidwell.
Story of the Tidwell family from 1845 - present.
Record details
- ISBN: 9781934610510
- Physical Description: 311 p. ; 22 cm.
- Publisher: Killen, AL : Bluewater, 2009.
Search for related items by subject
| Subject: | Family History. > 1845 > Present. |
| Genre: | Family History Genealogy |
Available copies
- 0 of 2 copies available at scottsboropl.
Holds
- 0 current holds with 2 total copies.
Show Only Available Copies
| Location | Call Number / Copy Notes | Barcode | Shelving Location | Status | Due Date |
|---|---|---|---|---|---|
| scottsboropl | R 929.2 Tid | 32269000897713 | Adult - Nonfiction | Non-Circulating | - |
| scottsboropl | R 929.2 Tid | 32269001000242 | Adult - Nonfiction | Non-Circulating | - |
| LDR | 00888nam a2200205 a 4500 | ||
|---|---|---|---|
| 001 | 134393 | ||
| 003 | SBPL | ||
| 005 | 20220324183646.0 | ||
| 008 | eng d | ||
| 020 | . | ‡a9781934610510 | |
| 035 | . | ‡a(CONS)134393 | |
| 035 | . | ‡a(CPomAG)LMN506861 | |
| 082 | 0 | 4. | ‡a929.2 |
| 100 | 1 | . | ‡aTidwell, Jerry. : ‡eauthor |
| 245 | 1 | 0. | ‡aOne family's journey through time ‡c Jerry Tidwell. |
| 260 | . | ‡aKillen, AL : ‡bBluewater, ‡c2009. | |
| 300 | . | ‡a311 p. ; ‡c22 cm. | |
| 520 | . | ‡aStory of the Tidwell family from 1845 - present. | |
| 650 | 0. | ‡aFamily History. ‡y1845 ‡xPresent. | |
| 655 | 0. | ‡a Family History | |
| 655 | 0. | ‡a Genealogy | |
| 901 | . | ‡a134393 ‡bUnknown ‡c134393 ‡tbiblio | |